000 00288nam a22001337a 4500
008 190205b xxu||||| |||| 00| 0 eng d
020 _a0673188086
041 _aeng
080 _25th
_a510
100 _a36
101 _aMAT
245 _aBeginning Algebra
_cLial,M.L
942 _2udc
_cBK
999 _c54004
_d54004